Normal view
MARC view
- تأليف الجارم،علي؛ م.مشارك مصطفى أمين
Entry Personal Name
001 - CONTROL NUMBER
- control field: 17808
003 - CONTROL NUMBER IDENTIFIER
- control field: JO-AjAnu
005 - DATE AND TIME OF LATEST TRANSACTION
- control field: 20230606073135.0
008 - FIXED-LENGTH DATA ELEMENTS
- fixed length control field: 230606|| aca||aabn | a|a d
040 ## - CATALOGING SOURCE
- Original cataloging agency: JO-AjAnu
- Transcribing agency: JO-AjAnu
100 ## - HEADING--PERSONAL NAME
- Personal name: تأليف الجارم،علي؛ م.مشارك مصطفى أمين
670 ## - SOURCE DATA FOUND
- Source citation: Work cat.: (JO-AjAnu)9147: تأليف الجارم،علي؛ م.مشارك مصطفى أمين, author, دليل البلاغة العربية الواضحة البيان والمعاني والبديع للمدراس الثانوية وهو يشتمل على حل جميع التمرينات التي تضمنها كتاب البلاغة الواضحة في اسلوب أدبي واضح